[Event "AUTO-INT-3916"]
[Site "http://www.queenalice.com/game.php?id=1852004"]
[Date "2025.2.12"]
[Round "1"]
[White "jenyasm"]
[Black "renet54"]
[Result "1-0"]
[WhiteElo "1695"]
[BlackElo "1592"]

1. e4 e5 2. Nf3 Nf6 3. Nc3 Bc5 4. h3 d6 5. d3 Nc6 6. a3 O-O 7. g3 Be6 8. Bg2 Qe7
9. O-O Rad8 10. Bg5 Nd4 11. Nxd4 Bxd4 12. Rb1 Qd7 13. Kh2 Ng4+ 14. hxg4 Bxg4 15.
Qd2 Rde8 16. f3 Be6 17. b3 f6 18. Be3 Bxe3 19. Qxe3 f5 20. exf5 Rxf5 21. g4 Rff8
22. Ne4 Bxg4 23. fxg4 Rxf1 24. Rxf1 Qxg4 25. Rf3 Re6 26. Bh3 Qh5 27. Ng3 Qh4 28.
Nf5 Qh5 29. Rg3 Rg6 30. Rxg6 hxg6 31. Ne7+ 1-0

[Event "AUTO-INT-3916"]
[Site "http://www.queenalice.com/game.php?id=1852005"]
[Date "2025.2.12"]
[Round "1"]
[White "renet54"]
[Black "jenyasm"]
[Result "1-0"]
[WhiteElo "1527"]
[BlackElo "1703"]

1. e4 e5 2. Nf3 Nc6 3. Bb5 d6 4. c3 a6 5. Ba4 b5 6. Bc2 h6 7. O-O Nf6 8. d4 Bb7
9. dxe5 dxe5 10. Qe2 g6 11. Nbd2 Bg7 12. b3 O-O 13. Rd1 Qe8 14. Ba3 Ne7 15. Nxe5
Rd8 16. Bxe7 Qxe7 17. Ndf3 Nd7 18. Nd3 Bxc3 19. Qe3 Bxa1 20. Qxh6 Bg7 21. Qh3
Nf6 22. e5 Nh7 23. Re1 Qa3 24. Nf4 Qxa2 25. Bxg6 fxg6 26. Nxg6 Rfe8 27. e6 Bxf3
28. Qxf3 Qc2 29. Qf7# 1-0

[Event "AUTO-INT-3916"]
[Site "http://www.queenalice.com/game.php?id=1852006"]
[Date "2025.2.12"]
[Round "1"]
[White "jenyasm"]
[Black "eloy"]
[Result "0-1"]
[WhiteElo "1679"]
[BlackElo "1670"]

1. e4 e5 2. Nf3 Nc6 3. Bc4 Be7 4. d3 h6 5. a3 Nf6 6. h3 d6 7. Be3 a6 8. O-O d5
9. exd5 Nxd5 10. Nxe5 Nxe5 11. Nc3 Nxc3 12. bxc3 Nxc4 13. dxc4 b5 14. cxb5 axb5
15. Qxd8+ Bxd8 16. Rfe1 O-O 17. Bd4 Ra6 18. Re3 Bg5 19. Re5 f6 20. Rxb5 Bd7 21.
Rc5 Ba4 22. Ra2 Re8 23. Rxc7 Bf4 0-1

[Event "AUTO-INT-3916"]
[Site "http://www.queenalice.com/game.php?id=1852007"]
[Date "2025.2.12"]
[Round "1"]
[White "eloy"]
[Black "jenyasm"]
[Result "0-1"]
[WhiteElo "1645"]
[BlackElo "1650"]

1. e4 e5 2. Nf3 Nc6 3. Bc4 h6 4. c3 Nf6 5. h3 Nxe4 6. d3 Nf6 7. Nbd2 g6 8. O-O
Bg7 9. Ne4 Nxe4 10. dxe4 O-O 11. b4 a6 12. a4 d6 13. a5 b5 14. axb6 cxb6 15. b5
Na5 16. Bd5 Bb7 17. c4 Bxd5 18. Qxd5 axb5 19. cxb5 Rc8 20. Nh4 Rc5 21. Qd3 Qxh4
22. Qxd6 Qxe4 23. Qxb6 Nb3 24. Ra3 Rxc1 25. Rxb3 Rxf1+ 26. Kxf1 Qc2 27. Qe3 Qc1+
28. Qe1 Qc4+ 0-1

[Event "AUTO-INT-3916"]
[Site "http://www.queenalice.com/game.php?id=1852008"]
[Date "2025.2.12"]
[Round "1"]
[White "jenyasm"]
[Black "Givanildo"]
[Result "0-1"]
[WhiteElo "1678"]
[BlackElo "1735"]

1. e4 d5 2. f3 dxe4 3. fxe4 h5 4. d3 Bg4 5. Be2 Bxe2 6. Qxe2 e5 7. Nf3 f6 8. Nc3
Bb4 9. a3 Bxc3+ 10. bxc3 Ne7 11. c4 Nbc6 12. Be3 Qd7 13. O-O O-O-O 14. Bf2 g5
15. h3 g4 16. hxg4 hxg4 17. Nh2 Rdg8 18. Qe3 b6 19. c5 b5 20. Rab1 f5 21. Be1 f4
22. Qd2 g3 23. Nf3 Nd4 24. Nxd4 Qxd4+ 25. Bf2 gxf2+ 26. Qxf2 Qxf2+ 27. Rxf2 c6
28. Rf3 a5 29. Kf2 Rh2 30. Rg1 Rg5 31. Rh3 Rxh3 32. gxh3 Rxg1 33. Kxg1 Ng6 34.
Kg2 Nh4+ 35. Kf2 Kd7 36. Ke2 f3+ 37. Kf2 Ke6 38. Kg3 Ng2 39. Kxf3 Nf4 40. h4 b4
41. axb4 a4 42. Kg4 a3 43. h5 Nxh5 44. Kxh5 a2 0-1

[Event "AUTO-INT-3916"]
[Site "http://www.queenalice.com/game.php?id=1852009"]
[Date "2025.2.12"]
[Round "1"]
[White "Givanildo"]
[Black "jenyasm"]
[Result "0-1"]
[WhiteElo "1695"]
[BlackElo "1602"]

1. d4 d5 2. Bf4 e6 3. a3 Nc6 4. e3 h6 5. Bb5 Bd7 6. Ne2 a6 7. Ba4 b5 8. Bb3 Nf6
9. h3 Be7 10. O-O O-O 11. Nbc3 Na5 12. Ba2 Nc4 13. Bxc4 bxc4 14. Ng3 Rb8 15. Ra2
Bd6 16. Bxd6 cxd6 17. Nh5 Nxh5 18. Qxh5 Qf6 19. a4 Qg5 20. Qe2 e5 21. dxe5 dxe5
22. Nxd5 Be6 23. Nc7 Bxh3 24. f4 exf4 25. exf4 Qg4 26. Qxg4 Bxg4 27. Nd5 Be2 28.
Rf2 Bg4 29. Ne7+ Kh8 30. f5 f6 31. Ng6+ Kg8 32. Nxf8 Kxf8 33. Rf4 Be2 34. c3 Bd3
35. g4 Rb6 36. Rd4 Kg8 37. Ra3 Rxb2 38. Rd8+ Kh7 39. Ra1 Be2 40. Rd4 Rb3 41. Kf2
Bd3 42. Ra2 Rxc3 43. Rd2 Ra3 44. g5 hxg5 45. Rd6 Rxa4 46. Ke3 Ra5 47. Rh2+ Kg8
48. Rd8+ Kf7 49. Rf2 Bxf5 50. Rfd2 c3 51. Rf2 c2 52. Rf1 Rb5 53. Ra1 Rb1 54.
Rxa6 c1=Q+ 55. Kf3 Qf4+ 56. Kg2 Be4+ 57. Kh3 Rh1# 0-1

[Event "AUTO-INT-3918"]
[Site "http://www.queenalice.com/game.php?id=1852626"]
[Date "2025.2.22"]
[Round "1"]
[White "jenyasm"]
[Black "ajr"]
[Result "0-1"]
[WhiteElo "1698"]
[BlackElo "1598"]

1. e4 a6 2. d3 h6 3. Nc3 Nf6 4. h3 e5 5. Nf3 Nc6 6. a3 Bc5 7. Na4 d6 8. Nxc5
dxc5 9. Be2 O-O 10. O-O Re8 11. Be3 b6 12. c3 Bb7 13. Nh4 g6 14. Bxh6 Nxe4 15.
Nf3 Nd6 16. Qd2 f6 17. Be3 g5 18. h4 g4 19. Nh2 Bc8 20. Nxg4 Bxg4 21. Bxg4 f5
22. Bf3 e4 23. Bg5 Ne7 24. Bf6 exf3 25. Qg5+ Kf7 26. Qg7+ Ke6 27. Rfe1+ Kd7 28.
Bxe7 Rxe7 29. Rxe7+ Qxe7 30. Qxe7+ Kxe7 31. Re1+ Kf7 32. gxf3 Rh8 33. Kf1 Rxh4
34. Ke2 Kf6 35. Rg1 Kf7 36. Ke3 f4+ 37. Ke2 Kf6 38. Rg4 Rxg4 39. fxg4 Kg5 40. f3
Nf7 41. b3 Nd6 42. c4 c6 43. Kf2 Nf7 44. Ke2 Ne5 45. b4 cxb4 46. axb4 a5 47.
bxa5 bxa5 0-1

[Event "AUTO-INT-3918"]
[Site "http://www.queenalice.com/game.php?id=1852627"]
[Date "2025.2.22"]
[Round "1"]
[White "ajr"]
[Black "jenyasm"]
[Result "1-0"]
[WhiteElo "1607"]
[BlackElo "1667"]

1. d4 d5 2. h3 Nc6 3. Nf3 Nf6 4. Nc3 a6 5. Bg5 h6 6. Bxf6 gxf6 7. e3 e6 8. a3
Bg7 9. Bd3 f5 10. O-O Ne7 11. Re1 Ng6 12. b3 e5 13. dxe5 Nxe5 14. Nxe5 Bxe5 15.
Qd2 Be6 16. f4 Bf6 17. Rab1 Be7 18. b4 Bh4 19. Rf1 Qf6 20. Kh2 Qg7 21. Rf3 Rg8
22. Rg1 Bg3+ 23. Rxg3 Qxg3+ 24. Kh1 c6 25. Nd1 b5 26. Qf2 Qxf2 27. Nxf2 O-O-O
28. Kh2 h5 29. h4 Rg7 30. Nh3 Rdg8 31. Nf2 f6 32. c3 Rg3 33. Nd1 R3g4 34. g3 Kc7
35. Be2 R4g7 36. Bxh5 Kb6 37. Nf2 c5 38. Nd3 cxb4 39. cxb4 a5 40. Nc5 Bf7 41.
Nd7+ Ka6 42. Bxf7 Rxf7 43. Nc5+ Kb6 44. Rc1 axb4 45. axb4 Re8 46. Rc3 Ra8 47.
Rd3 Kc6 48. Kg2 Ra2+ 49. Kf3 Rb2 50. Rd4 Ra7 51. Nd3 Rd2 52. g4 fxg4+ 53. Kxg4
Re2 54. Kf3 Rd2 55. Ne5+ fxe5 56. Rxd2 exf4 57. Kxf4 Rh7 58. Kg4 Kd6 59. Rf2 Ke5
60. Rf4 Rg7+ 61. Kf3 Rh7 62. Kg3 Rg7+ 63. Rg4 Rh7 64. Kf3 Rf7+ 65. Kg3 Rh7 66.
Rd4 Rg7+ 67. Rg4 Rh7 68. Rg5+ Ke4 69. h5 Kxe3 70. Rxd5 Ke4 71. Rxb5 Kd4 72. Kf4
Kc4 73. Re5 Kxb4 74. Kg5 Rg7+ 75. Kf6 Rh7 76. Kg6 Rh8 77. h6 Kc4 78. Kg7 1-0

[Event "AUTO-INT-3918"]
[Site "http://www.queenalice.com/game.php?id=1852628"]
[Date "2025.2.22"]
[Round "1"]
[White "jenyasm"]
[Black "renet54"]
[Result "0-1"]
[WhiteElo "1685"]
[BlackElo "1555"]

1. e4 e5 2. Nf3 Nc6 3. Nc3 Bc5 4. a3 d6 5. Bc4 Nf6 6. h3 O-O 7. O-O Bxh3 8. gxh3
Qc8 9. Kg2 Ne7 10. Rh1 Ng6 11. Kf1 Qd7 12. Ke2 Rae8 13. Qg1 Nf4+ 14. Ke1 d5 15.
exd5 e4 16. b4 exf3+ 17. Kd1 Bd4 18. Bb5 c6 19. dxc6 bxc6 20. Ba4 Bxc3 21. Ra2
Qe6 22. Bb3 Qe2# 0-1

[Event "AUTO-INT-3918"]
[Site "http://www.queenalice.com/game.php?id=1852629"]
[Date "2025.2.22"]
[Round "1"]
[White "renet54"]
[Black "jenyasm"]
[Result "1-0"]
[WhiteElo "1554"]
[BlackElo "1707"]

1. d4 d5 2. Bf4 e6 3. e3 Nc6 4. Nf3 Bd6 5. Bg3 Bxg3 6. hxg3 Nf6 7. Bb5 a6 8. Bd3
O-O 9. Nc3 Nb4 10. Ne5 Nxd3+ 11. Qxd3 g6 12. Nxg6 hxg6 13. O-O-O Kg7 14. e4 dxe4
15. Nxe4 Nxe4 16. Qxe4 Qf6 17. Qe3 Bd7 18. Qh6+ Kg8 19. Qh7# 1-0

[Event "AUTO-INT-3918"]
[Site "http://www.queenalice.com/game.php?id=1852630"]
[Date "2025.2.22"]
[Round "1"]
[White "jenyasm"]
[Black "tche_elvio"]
[Result "1-0"]
[WhiteElo "1668"]
[BlackElo "1550"]

1. e4 c5 2. Nf3 Nc6 3. d4 e6 4. d5 Qa5+ 5. Qd2 Qxd2+ 6. Bxd2 exd5 7. e5 h6 8.
Bf4 d6 9. exd6 Nf6 10. Nc3 d4 11. Nb5 Nd5 12. Bg3 g5 13. O-O-O Bd7 14. Bc4 Bg7
15. Bxd5 O-O-O 16. Bxc6 bxc6 17. Na3 f5 18. h3 f4 19. Bh2 a6 20. Nc4 Kb8 21.
Nfe5 Bxe5 22. Nxe5 Ka7 23. Nf7 1-0

[Event "AUTO-INT-3918"]
[Site "http://www.queenalice.com/game.php?id=1852631"]
[Date "2025.2.22"]
[Round "1"]
[White "tche_elvio"]
[Black "jenyasm"]
[Result "1-0"]
[WhiteElo "1529"]
[BlackElo "1664"]

1. e4 e5 2. Nf3 Nc6 3. a3 d6 4. h3 h6 5. Be2 a6 6. O-O Nf6 7. Nc3 g6 8. d3 Bg7
9. Nd5 Nxd5 10. exd5 Ne7 11. b4 Nxd5 12. Bb2 O-O 13. c4 Nf6 14. d4 e4 15. Nh2 c6
16. d5 cxd5 17. cxd5 b5 18. Bd4 Nxd5 19. Bxg7 Kxg7 20. Qxd5 Bf5 21. Qd4+ Kh7 22.
Bg4 Bxg4 23. Nxg4 Qe7 24. Nf6+ 1-0

[Event "AUTO-INT-3920"]
[Site "http://www.queenalice.com/game.php?id=1853254"]
[Date "2025.3.4"]
[Round "1"]
[White "renet54"]
[Black "jenyasm"]
[Result "0-1"]
[WhiteElo "1556"]
[BlackElo "1647"]

1. d4 d5 2. Nf3 e6 3. e3 Nf6 4. Nc3 a6 5. Be2 g6 6. O-O Bg7 7. Re1 O-O 8. Ne5
Nfd7 9. Nf3 Nf6 10. e4 c6 11. Bg5 Nbd7 12. e5 Qb6 13. Rb1 Ne4 14. Nxe4 dxe4 15.
Nh4 f5 16. exf6 Bxf6 17. Be3 Bxh4 18. d5 Qd8 19. Bh6 Re8 20. Qd4 Bf6 21. Qxe4
cxd5 22. Qf3 Bg5 23. Bxg5 Qxg5 24. Bd3 Ne5 25. Rxe5 Qxe5 26. Rd1 Qxb2 27. Qh3 e5
28. Qh6 e4 29. Be2 Qxc2 30. Rxd5 Qxe2 31. h3 Qe1+ 32. Kh2 Bf5 33. Rc5 Rac8 34.
Rd5 Qxf2 35. Rd2 Qc5 36. g4 e3 37. Re2 Qe5+ 38. Kg2 Be4+ 39. Kf1 Rc1+ 40. Re1
Rxe1+ 41. Kxe1 Bf3 0-1

[Event "AUTO-INT-3920"]
[Site "http://www.queenalice.com/game.php?id=1853255"]
[Date "2025.3.4"]
[Round "1"]
[White "jenyasm"]
[Black "renet54"]
[Result "0-1"]
[WhiteElo "1621"]
[BlackElo "1536"]

1. e4 e5 2. Nf3 Nc6 3. Bc4 Nf6 4. d3 Bc5 5. h3 Nd4 6. Nxd4 Bxd4 7. c3 O-O 8.
cxd4 exd4 9. Qf3 d6 10. Qg3 Be6 11. Bxe6 fxe6 12. Bh6 Rf7 13. O-O Nh5 14. Qg4
Nf6 15. Qg5 Qe7 16. f4 Raf8 17. Qb5 gxh6 18. Qxb7 Rg7 19. Qxa7 d5 20. Qxd4 Rxg2+
21. Kxg2 Qg7+ 22. Kf2 Nxe4+ 23. dxe4 Rxf4+ 24. Ke2 Qxd4 25. Rxf4 Qxb2+ 26. Nd2
Qxa1 27. exd5 Qe5+ 0-1

[Event "AUTO-INT-3920"]
[Site "http://www.queenalice.com/game.php?id=1853270"]
[Date "2025.3.4"]
[Round "1"]
[White "jenyasm"]
[Black "johnew"]
[Result "0-1"]
[WhiteElo "1642"]
[BlackElo "1603"]

1. e4 c5 2. Nf3 Nc6 3. d4 cxd4 4. Nxd4 e5 5. Nf3 Nf6 6. Nc3 Bb4 7. Bd3 d5 8. O-O
Bxc3 9. bxc3 dxe4 10. Bxe4 Qxd1 11. Rxd1 Nxe4 12. Bb2 Bg4 13. Re1 Bxf3 14. gxf3
Nd2 15. Kg2 Nc4 16. Rab1 O-O 17. Re2 h6 18. Re4 Nd2 19. Ree1 Nxb1 20. Rxb1 Rad8
21. Ba3 Rfe8 22. c4 b6 23. c5 bxc5 24. Bxc5 Rd2 25. Rc1 Red8 26. a3 Rd1 27. Rxd1
Rxd1 28. c3 Rc1 0-1

[Event "AUTO-INT-3920"]
[Site "http://www.queenalice.com/game.php?id=1853271"]
[Date "2025.3.4"]
[Round "1"]
[White "johnew"]
[Black "jenyasm"]
[Result "1-0"]
[WhiteElo "1621"]
[BlackElo "1624"]

1. e4 e5 2. Nf3 Nc6 3. Bb5 d6 4. O-O Qf6 5. d4 exd4 6. Nxd4 Bd7 7. Bxc6 Bxc6 8.
Nxc6 bxc6 9. Nc3 Be7 10. Be3 h6 11. Qd3 Rb8 12. b3 Qg6 13. Rae1 a5 14. Qc4 c5
15. f4 Nf6 16. e5 Ng4 17. exd6 cxd6 18. Nd5 Rb7 19. Bd2 O-O 20. Rxe7 Rfb8 21. f5
Qh5 22. h3 Ne5 23. Qf4 f6 24. Qg3 Kh8 25. Qxg7# 1-0

[Event "AUTO-INT-3920"]
[Site "http://www.queenalice.com/game.php?id=1853272"]
[Date "2025.3.4"]
[Round "1"]
[White "jenyasm"]
[Black "game"]
[Result "0-1"]
[WhiteElo "1664"]
[BlackElo "1525"]

1. e4 d6 2. d4 Nc6 3. d5 Ne5 4. f3 e6 5. Nc3 Be7 6. Nh3 exd5 7. Nxd5 Be6 8. c4
Nf6 9. b3 Nxd5 10. cxd5 Bxh3 11. gxh3 O-O 12. Bf4 f5 13. Rg1 Bh4+ 14. Bg3 fxe4
15. fxe4 Nf3+ 16. Kf2 Nxg1+ 17. Kxg1 Bf6 18. Rb1 Qd7 19. a4 Be5 20. Bxe5 dxe5
21. Qg4 Qd6 22. Bd3 Qf6 23. Qg3 Qb6+ 24. Kg2 Rf4 25. Bc4 Qd4 26. Rf1 Rxe4 27.
d6+ Kh8 28. dxc7 Rc8 29. Rf7 Qd2+ 30. Kg1 Re1+ 31. Bf1 Qd4+ 32. Qf2 h5 33. Qxd4
exd4 34. Rd7 Kh7 35. Kg2 Kh6 36. Bc4 Rc1 37. Bd5 Rc2+ 38. Kg3 R8xc7 39. Rd6+ g6
40. Rd8 d3 41. Be4 R2c3 42. b4 d2+ 43. Kh4 g5# 0-1

[Event "AUTO-INT-3920"]
[Site "http://www.queenalice.com/game.php?id=1853273"]
[Date "2025.3.4"]
[Round "1"]
[White "game"]
[Black "jenyasm"]
[Result "0-1"]
[WhiteElo "1556"]
[BlackElo "1666"]

1. e4 e5 2. Nf3 Nc6 3. Bc4 h6 4. d3 d6 5. d4 exd4 6. Nxd4 Nxd4 7. Qxd4 Be6 8.
O-O Bxc4 9. Qxc4 b6 10. Nc3 c5 11. Re1 Be7 12. e5 dxe5 13. Be3 Nf6 14. Rad1 Qc7
15. Nd5 Nxd5 16. Qxd5 Rd8 17. Qf3 O-O 18. Qg3 Kh8 19. f4 exf4 20. Bxf4 Qb7 21.
Be5 f6 22. Bc3 Rxd1 23. Rxd1 a6 24. Rd3 c4 25. Re3 Re8 26. Qg6 Qc6 27. Rg3 Bf8
28. Qf7 a5 29. Rg6 Qe4 30. Bxf6 Qe1# 0-1

[Event "AUTO-INT-3923"]
[Site "http://www.queenalice.com/game.php?id=1854063"]
[Date "2025.3.17"]
[Round "1"]
[White "Danado"]
[Black "jenyasm"]
[Result "1-0"]
[WhiteElo "1669"]
[BlackElo "1664"]

1. e4 e5 2. Nc3 d6 3. Nf3 Nc6 4. Bc4 h6 5. d4 exd4 6. Nxd4 Bd7 7. Qf3 Nf6 8.
Nxc6 Bxc6 9. Nd5 Bxd5 10. exd5 Qe7+ 11. Be3 O-O-O 12. O-O Kb8 13. Rae1 Qd7 14.
Bd4 Be7 15. Qa3 a6 16. Bxa6 bxa6 17. Qb3+ Kc8 18. Ba7 Qb5 19. Qxb5 axb5 20. Rxe7
Rhf8 21. Rd1 Rfe8 22. Rxf7 Re2 23. Kf1 Rxc2 24. Rxg7 Rxb2 25. Bd4 Rxa2 26. Bxf6
Re8 27. Rf7 Ree2 28. Bh4 b4 29. Rb1 Re4 30. Be7 Rd4 31. Rf5 Ra3 32. Bf8 b3 33.
g3 Rd2 34. Rf3 Rxd5 35. Kg2 Rb5 36. Bg7 c5 37. Rc3 d5 38. Rf3 c4 39. Rf5 Ra2 40.
Re1 Kb7 41. Rf6 Rc5 42. Rf7+ Kb6 43. Re6+ Kb5 44. Bc3 1-0

[Event "AUTO-INT-3923"]
[Site "http://www.queenalice.com/game.php?id=1854064"]
[Date "2025.3.17"]
[Round "1"]
[White "jenyasm"]
[Black "Danado"]
[Result "1-0"]
[WhiteElo "1682"]
[BlackElo "1677"]

1. e4 e5 2. Nf3 Nc6 3. Bc4 h6 4. h3 Nf6 5. d3 d6 6. Nc3 Be6 7. Bxe6 fxe6 8. O-O
d5 9. Bd2 d4 10. Ne2 Qd7 11. Ng3 Bb4 12. Bxb4 Nxb4 13. a3 Na6 14. Nxe5 Qb5 15.
Ng6 Rg8 16. b4 Kf7 17. Nf4 e5 18. Nfh5 Ke6 19. Nxf6 gxf6 20. Qh5 Rh8 21. Nf5 Qe8
22. Ng7+ 1-0

[Event "AUTO-INT-3923"]
[Site "http://www.queenalice.com/game.php?id=1854092"]
[Date "2025.3.17"]
[Round "1"]
[White "DAN1958"]
[Black "jenyasm"]
[Result "0-1"]
[WhiteElo "1542"]
[BlackElo "1649"]

1. e4 e5 2. d4 Nc6 3. c3 f6 4. d5 Nce7 5. c4 d6 6. Nf3 Bg4 7. h3 Bxf3 8. gxf3 h6
9. Rg1 g5 10. h4 Qd7 11. Nc3 a6 12. a4 O-O-O 13. Be3 b6 14. b3 Kb8 15. Qe2 Kb7
16. h5 f5 17. Bh3 Nf6 18. Qd3 Nxh5 19. exf5 Nxf5 20. Bxf5 Qf7 21. Bd2 Nf4 22.
Qc2 Bg7 23. Kd1 Qf6 24. Ne4 Qxf5 25. Nxd6+ Rxd6 26. Qxf5 Rf8 27. Qe4 Nh3 28. Rg2
Nf4 29. Rg4 Nh5 30. Qg6 Rxg6 31. Ke2 Nf6 32. Rgg1 Nh5 33. Bxg5 hxg5 34. Rad1 Bh6
35. Ke3 Rgf6 36. Rh1 Ng7 37. Rh3 g4+ 38. Rxh6 Rxh6 39. fxg4 Rh2 40. Rf1 Rf4 41.
g5 Rg4 42. g6 Rxg6 43. Ke4 Rg5 44. f4 exf4 45. Kxf4 Rf5+ 46. Kg3 Rxf1 47. Kxh2
Rb1 48. Kg3 Rxb3+ 49. Kf4 Rb4 50. Ke5 Rxc4 0-1

[Event "AUTO-INT-3924"]
[Site "http://www.queenalice.com/game.php?id=1854448"]
[Date "2025.3.24"]
[Round "1"]
[White "SGF"]
[Black "jenyasm"]
[Result "0-1"]
[WhiteElo "1719"]
[BlackElo "1648"]

1. e4 e5 2. Qf3 d6 3. Bc4 Nf6 4. h3 a6 5. a4 Nc6 6. c3 Na5 7. b3 Nxc4 8. bxc4
Bd7 9. d3 Bc6 10. Bg5 Be7 11. Nd2 h6 12. Bxf6 Bxf6 13. g4 Qd7 14. Nb3 Bxa4 15.
Nd2 Bc6 16. Nb3 O-O-O 17. Qe3 b6 18. Rxa6 Kb7 19. Ra2 Ra8 20. Rb2 Ba4 21. Nd2
Bg5 22. Qf3 Bxd2+ 23. Kxd2 f6 24. Ke3 Ra5 25. Ne2 Rha8 26. Qf5 Bc6 27. Qxd7 Bxd7
28. f3 Ra2 29. Rhb1 Rxb2 30. Rxb2 Ra1 31. d4 Rh1 32. dxe5 fxe5 33. Ng3 Rxh3 34.
Nf5 Kc6 35. Rg2 Kc5 36. Nxg7 Kxc4 37. Nf5 Kxc3 38. Kf2 Be8 39. Ng7 Bf7 40. Nf5
b5 41. Ne7 b4 42. Nc6 b3 43. Rg1 Rh2+ 44. Kg3 Rc2 45. Na5 b2 46. Rb1 Rc1 47.
Rxb2 Kxb2 48. Kf2 Be8 49. Nb7 Ba4 50. Nd8 Rc3 51. Ne6 Bd1 52. g5 hxg5 53. Nxg5
c5 54. Nf7 Rxf3+ 55. Kg2 Rxf7 56. Kg3 Bc2 57. Kg4 Bxe4 58. Kg5 c4 59. Kg4 c3 60.
Kg3 c2 61. Kh2 c1=Q 62. Kh3 Qg1 63. Kh4 Rh7# 0-1

[Event "AUTO-INT-3924"]
[Site "http://www.queenalice.com/game.php?id=1854449"]
[Date "2025.3.24"]
[Round "1"]
[White "jenyasm"]
[Black "SGF"]
[Result "0-1"]
[WhiteElo "1678"]
[BlackElo "1720"]

1. e4 e5 2. Nf3 Qf6 3. Nc3 c6 4. d3 h6 5. h3 Be7 6. a3 d6 7. b3 a5 8. Bb2 b5 9.
d4 h5 10. d5 g5 11. Qd2 h4 12. dxc6 Nxc6 13. Nxb5 Bd8 14. a4 g4 15. hxg4 Bxg4
16. Be2 h3 17. gxh3 Bxf3 18. Bxf3 Qxf3 19. Rh2 Qxe4+ 20. Qe2 Qf4 21. f3 Bh4+ 22.
Kd1 Rc8 23. Nxd6+ Kd7 24. Nxc8 Kxc8 25. Qa6+ Kc7 26. Qe2 Nd4 27. Bxd4 Qxd4+ 28.
Qd2 Qxa1+ 29. Ke2 f6 30. Qxa5+ Kd6 31. Qb4+ Ke6 32. Qc4+ Ke7 33. Qc5+ Kf7 34.
Qc4+ Kf8 35. Qc8+ Kf7 36. Qc4+ Kg7 37. Rg2+ Kf8 38. Qc5+ Ne7 39. Qd6 Qe1+ 0-1